[Event "Irish Championship 2016"]
[Site "Dublin IRL"]
[Date "2016.07.02"]
[Round "1.1"]
[White "Mirza, Diana"]
[Black "Jessel, Stephen"]
[Result "0-1"]
[WhiteTitle "WCM"]
[BlackTitle "FM"]
[WhiteElo "1889"]
[BlackElo "2344"]
[WhiteICU "1916"]
[BlackICU "2304"]
[WhiteClub "St. Michael's"]
[BlackClub "V&eacute;sinet FRA"]
[WhiteNationality "IRL"]
[BlackNationality "IRL"]
[WhiteFideId "2503999"]
[BlackFideId "628859"]
[PlyCount "74"]
[EventDate "2016.07.02"]
[Source "Chess-Results.com"]

{ Event information: <a
href="https://www.irlchess.com/irlch2016_allfiles/pairings_irlch2016.html">Tournament
report</a>. }

1. e4 e6 2. d3 d5 3. Nd2 c5 4. g3 Nc6 5. Bg2 g6 6. Ngf3 Bg7 7. O-O Nge7 8.
Re1 O-O 9. c3 b6 10. e5 Qc7 11. Qe2 g5 12. Nxg5 Nxe5 13. Ndf3 N7c6 14. Bf4
f6 15. d4 cxd4 16. cxd4 Nxf3+ 17. Nxf3 Qf7 18. Qd2 Bd7 19. Rac1 Rfe8 20. b4
Rac8 21. b5 Na5 22. a4 Nb3 23. Rxc8 Nxd2 24. Rxe8+ Bxe8 25. Nxd2 Qd7 26.
Bh3 Bf7 27. Rc1 Qd8 28. Rc7 Bh6 29. Rxa7 Bxf4 30. gxf4 Qb8 31. Rd7 Qxf4 32.
Rd8+ Kg7 33. Nf1 Qxd4 34. Rd7 f5 35. Rb7 Kf6 36. Ne3 h5 37. Bg2 f4 0-1

[Event "Irish Championship 2016"]
[Site "Dublin IRL"]
[Date "2016.07.02"]
[Round "1.2"]
[White "Daly, Colm"]
[Black "Scott, Luke"]
[Result "1/2-1/2"]
[WhiteTitle "FM"]
[WhiteElo "2334"]
[BlackElo "1922"]
[WhiteICU "2262"]
[BlackICU "1862"]
[WhiteClub "Bray/Greystones"]
[BlackClub "Blanchardstown"]
[WhiteNationality "IRL"]
[BlackNationality "IRL"]
[WhiteFideId "2500434"]
[BlackFideId "2507986"]
[PlyCount "66"]
[EventDate "2016.07.02"]
[Source "Chess-Results.com"]

{ Event information: <a
href="https://www.irlchess.com/irlch2016_allfiles/pairings_irlch2016.html">Tournament
report</a>. }

1. g3 d5 2. Bg2 Nf6 3. Nf3 Bf5 4. O-O e6 5. c4 c6 6. b3 Bd6 7. Bb2 Nbd7 8.
d3 O-O 9. Nbd2 h6 10. a3 a5 11. cxd5 cxd5 12. e4 dxe4 13. dxe4 Bxe4 14.
Nxe4 Nxe4 15. Nd4 Ndf6 16. Qe2 Nc5 17. Rfd1 Qb6 18. Nb5 Be7 19. b4 axb4 20.
axb4 Rxa1 21. Bxa1 Ncd7 22. Bd4 Qd8 23. Bxf6 Bxf6 24. Bxb7 Qe7 25. Nd6 Rb8
26. Qa6 Ne5 27. Rc1 Rd8 28. Rc8 Rxc8 29. Bxc8 Qc7 30. b5 Be7 31. Ne4 Qc1+
32. Kg2 Qd1 33. Bb7 Qf3+ 1/2-1/2

[Event "Irish Championship 2016"]
[Site "Dublin IRL"]
[Date "2016.07.02"]
[Round "1.3"]
[White "Beatty, Ross"]
[Black "Delaney, Killian"]
[Result "0-1"]
[WhiteElo "1770"]
[BlackElo "2190"]
[WhiteICU "1847"]
[BlackICU "2141"]
[WhiteClub "St. Benildus"]
[BlackClub "Gonzaga"]
[WhiteNationality "IRL"]
[BlackNationality "IRL"]
[WhiteFideId "2507552"]
[BlackFideId "2501570"]
[PlyCount "112"]
[EventDate "2016.07.02"]
[Source "Scoresheets"]

{ Event information: <a
href="https://www.irlchess.com/irlch2016_allfiles/pairings_irlch2016.html">Tournament
report</a>. }

1. Nf3 Nf6 2. g3 g6 3. Bg2 Bg7 4. d3 d5 5. Nbd2 c5 6. O-O Nc6 7. e4 O-O 8.
c3 e5 9. Qb3 d4 10. c4 Nh5 11. Qd1 Be6 12. a3 a6 13. Qc2 Rc8 14. Rb1 a5 15.
Ne1 f5 16. exf5 gxf5 17. Nb3 Qd6 18. f4 exf4 19. Qe2 Bf7 20. Bf3 Rce8 21.
Qd1 Qg6 22. Bxh5 Qxh5 23. Bxf4 Qxd1 24. Rxd1 Bh5 25. Rd2 b6 26. Nf3 a4 27.
Nc1 Ne5 28. Nxe5 Bxe5 29. Rdf2 Bg7 30. Bc7 Bh6 31. Bf4 Bxf4 32. Rxf4 Re5
33. Kg2 Kg7 34. h3 Bg6 35. g4 h5 36. R1f2 Kh6 37. Ne2 Rg8 38. Ng3 fxg4 39.
hxg4 Bxd3 40. Rf6+ Kh7 41. Rxb6 Rxg4 42. Rf7+ Rg7 43. Rxg7+ Kxg7 44. Ra6 h4
45. Ra7+ Kg6 46. Ra6+ Kg5 47. Rxa4 hxg3 48. Kxg3 Re3+ 49. Kf2 Kg4 50. Ra8
Re2+ 51. Kg1 Rxb2 52. Rg8+ Kf3 53. Rf8+ Ke3 54. Re8+ Be4 55. Rf8 Rb1+ 56.
Kh2 d3 0-1

[Event "Irish Championship 2016"]
[Site "Dublin IRL"]
[Date "2016.07.02"]
[Round "1.4"]
[White "O'Connell, Gerard"]
[Black "Tirziman, Rudolf"]
[Result "1-0"]
[WhiteElo "2104"]
[BlackElo "1900"]
[WhiteICU "2015"]
[BlackICU "1838"]
[WhiteClub "St. Benildus"]
[BlackClub "Blanchardstown"]
[WhiteNationality "IRL"]
[BlackNationality "IRL"]
[WhiteFideId "2500493"]
[BlackFideId "2508664"]
[PlyCount "83"]
[EventDate "2016.07.02"]
[Source "Scoresheets"]

{ Event information: <a
href="https://www.irlchess.com/irlch2016_allfiles/pairings_irlch2016.html">Tournament
report</a>. }

1. d4 e6 2. c4 Nf6 3. Nc3 Bb4 4. e3 O-O 5. Nf3 b6 6. Bd3 Bb7 7. O-O d5 8.
cxd5 exd5 9. a3 Bd6 10. Qc2 Re8 11. Nb5 a6 12. Nxd6 Qxd6 13. b4 Nbd7 14.
Bb2 Rac8 15. Ne5 h6 16. Bf5 c6 17. Rfe1 Rc7 18. Rac1 Nf8 19. f3 Ne6 20. Qf2
c5 21. bxc5 bxc5 22. Bxe6 Rxe6 23. dxc5 Rxc5 24. Rxc5 Qxc5 25. Rc1 Qe7 26.
f4 Ne4 27. Qe2 Rb6 28. g3 f6 29. Nf3 Qd7 30. Bd4 Rb3 31. Nd2 Rxa3 32. Nxe4
dxe4 33. Qb2 Ra5 34. Bxf6 gxf6 35. Qxf6 Qf7 36. Qd8+ Qf8 37. Qxa5 Qe8 38.
Rd1 Qb5 39. Qd8+ Kg7 40. Qe7+ Kg6 41. Rd6+ Kf5 42. Qe6# 1-0

[Event "Irish Championship 2016"]
[Site "Dublin IRL"]
[Date "2016.07.02"]
[Round "1.5"]
[White "Thee, Bernd"]
[Black "MacElligott, Gerard"]
[Result "0-1"]
[BlackTitle "CM"]
[WhiteElo "1961"]
[BlackElo "2060"]
[WhiteICU "1832"]
[BlackICU "1984"]
[WhiteClub "Adare"]
[BlackClub "Elm Mount"]
[WhiteNationality "IRL"]
[BlackNationality "IRL"]
[WhiteFideId "2505630"]
[BlackFideId "2500647"]
[PlyCount "70"]
[EventDate "2016.07.02"]
[Source "Scoresheets"]

{ Event information: <a
href="https://www.irlchess.com/irlch2016_allfiles/pairings_irlch2016.html">Tournament
report</a>. }

1. e4 e6 2. d4 d5 3. Nc3 Nf6 4. e5 Nfd7 5. f4 c5 6. Nf3 Nc6 7. Be3 a6 8.
Qd2 b5 9. dxc5 Nxc5 10. Bd3 Be7 11. O-O b4 12. Ne2 O-O 13. Ned4 Nxd4 14.
Nxd4 Bd7 15. Rf3 a5 16. Rh3 g6 17. Kh1 f6 18. Qe2 Rf7 19. g4 Qc7 20. Nf3
Rc8 21. Bd4 Nxd3 22. cxd3 Qc2 23. Qe3 f5 24. gxf5 Rxf5 25. Rg1 Bb5 26. Bb6
Bxd3 27. Nd2 Be4+ 28. Nxe4 Qxe4+ 29. Qxe4 dxe4 30. Be3 Rff8 31. Rhg3 Rfd8
32. Bb6 Rd5 33. Re1 Bh4 34. Rxe4 Bxg3 35. hxg3 Rc2 0-1

[Event "Irish Championship 2016"]
[Site "Dublin IRL"]
[Date "2016.07.02"]
[Round "1.6"]
[White "Butler, Kevin C."]
[Black "O'Neill, Paul"]
[Result "1-0"]
[WhiteElo "2042"]
[BlackElo "1784"]
[WhiteICU "1981"]
[BlackICU "1785"]
[WhiteClub "Phibsboro"]
[BlackClub "Naomh Barrog"]
[WhiteNationality "IRL"]
[BlackNationality "IRL"]
[WhiteFideId "2501538"]
[BlackFideId "2507692"]
[PlyCount "149"]
[EventDate "2016.07.02"]
[Source "Scoresheets"]

{ Event information: <a
href="https://www.irlchess.com/irlch2016_allfiles/pairings_irlch2016.html">Tournament
report</a>. }

1. e4 c5 2. Nf3 d6 3. d4 cxd4 4. Nxd4 Nf6 5. Nc3 a6 6. a4 g6 7. Be2 Bg7 8.
O-O Nc6 9. Be3 O-O 10. h3 d5 11. exd5 Nxd5 12. Nxd5 Qxd5 13. Bf3 Qd7 14.
Nxc6 bxc6 15. Qxd7 Bxd7 16. Rad1 Bf5 17. Bxc6 Rac8 18. Bb7 Rxc2 19. b4 Rb2
20. b5 axb5 21. a5 Ra2 22. a6 Bc8 23. Rb1 Rxa6 24. Bxa6 Bxa6 25. Rfc1 Rb8
26. Rc6 Bc8 27. Rxb5 Ra8 28. Ra5 Rb8 29. Rb6 Rxb6 30. Bxb6 Be6 31. Ra8+ Bf8
32. Bc5 Kg7 33. Ra7 h5 34. Bxe7 Bxe7 35. Rxe7 Kf6 36. Ra7 Kg5 37. Kh2 Kf5
38. Ra5+ Kf6 39. h4 Kg7 40. Kg3 Kf6 41. Kf4 Bd7 42. Ra6+ Be6 43. f3 Kg7 44.
Ke5 Bc4 45. Rb6 Ba2 46. f4 Bc4 47. f5 gxf5 48. Kxf5 Be2 49. Kg5 Bd1 50. Rd6
Be2 51. Rd2 Bg4 52. Rd3 f6+ 53. Kf4 Kg6 54. Rg3 f5 55. Rb3 Kf6 56. Rb6+ Kf7
57. Kg5 Kf8 58. Rb7 Kg8 59. Rb4 Kg7 60. Rxg4 fxg4 61. Kxh5 g3 62. Kg4 Kg6
63. Kxg3 Kh5 64. Kh3 Kh6 65. g4 Kg6 66. Kg3 Kf6 67. Kf4 Kg6 68. h5+ Kf6 69.
g5+ Kg7 70. Kf5 Kf7 71. g6+ Kg7 72. h6+ Kg8 73. Kf6 Kh8 74. g7+ Kg8 75. h7+
1-0

[Event "Irish Championship 2016"]
[Site "Dublin IRL"]
[Date "2016.07.02"]
[Round "1.7"]
[White "Melaugh, Shane"]
[Black "Fox, Anthony"]
[Result "0-1"]
[WhiteElo "1677"]
[BlackElo "1997"]
[WhiteICU "1776"]
[BlackICU "1959"]
[WhiteClub "Elm Mount"]
[BlackClub "Dun Laoghaire"]
[WhiteNationality "IRL"]
[BlackNationality "IRL"]
[WhiteFideId "2509580"]
[BlackFideId "2500736"]
[PlyCount "124"]
[EventDate "2016.07.02"]

{ Event information: <a
href="https://www.irlchess.com/irlch2016_allfiles/pairings_irlch2016.html">Tournament
report</a>. }

1. e4 e5 2. Nf3 Nc6 3. Bc4 Nf6 4. Ng5 d5 5. exd5 Na5 6. Bb5+ c6 7. dxc6
bxc6 8. Qf3 Rb8 9. Bxc6+ Nxc6 10. Qxc6+ Nd7 11. d3 Be7 12. Ne4 Rb6 13. Qa4
O-O 14. c3 f5 15. O-O fxe4 16. dxe4 Nc5 17. Qc2 Qd3 18. Qxd3 Nxd3 19. b4
Nxc1 20. Rxc1 Rd8 21. Na3 Be6 22. Nc2 Bg5 23. Rd1 Rxd1+ 24. Rxd1 Bxa2 25.
Ne3 Bxe3 26. fxe3 Be6 27. Kf2 Kf7 28. Ra1 a6 29. h3 Rc6 30. Ra3 Bc4 31. Kf3
Bb5 32. Kf2 Rf6+ 33. Kg3 Rf1 34. Ra2 Rc1 35. Ra3 Rc2 36. Kf3 Bf1 37. g3 h5
38. g4 h4 39. g5 Kg6 40. Kg4 Rg2+ 41. Kxh4 Rxg5 42. b5 Bxb5 43. c4 Rh5+ 44.
Kg4 Bxc4 45. h4 Rh8 46. Rc3 Rc8 47. h5+ Kf6 48. Kh4 a5 49. Ra3 Ra8 50. Rc3
Be6 51. Rc1 a4 52. Rf1+ Ke7 53. Kg5 a3 54. Kg6 a2 55. Ra1 Rb8 56. Kxg7 Rb1
57. Rxa2 Bxa2 58. h6 Rh1 59. h7 Bb1 60. h8=Q Rxh8 61. Kxh8 Kf6 62. Kg8 Bxe4
0-1

[Event "Irish Championship 2016"]
[Site "Dublin IRL"]
[Date "2016.07.02"]
[Round "1.8"]
[White "Keogh, Eamon"]
[Black "Haque, Mustakim-Ul"]
[Result "0-1"]
[WhiteTitle "NM"]
[WhiteElo "2021"]
[BlackElo "1839"]
[WhiteICU "1930"]
[BlackICU "1704"]
[WhiteClub "Kilkenny"]
[BlackClub "Rathmines"]
[WhiteNationality "IRL"]
[BlackNationality "IRL"]
[WhiteFideId "2500264"]
[BlackFideId "2509334"]
[PlyCount "94"]
[EventDate "2016.07.02"]

{ Event information: <a
href="https://www.irlchess.com/irlch2016_allfiles/pairings_irlch2016.html">Tournament
report</a>. }

1. d3 d5 2. e4 dxe4 3. dxe4 Qxd1+ 4. Kxd1 Nf6 5. f3 e6 6. Be3 Be7 7. c3
Nbd7 8. Nd2 b6 9. Bb5 Bb7 10. Ne2 c5 11. a4 a6 12. Bc4 O-O 13. Kc2 Rfd8 14.
Bf4 Nh5 15. Be3 Ne5 16. Nf4 Nxf4 17. Bxf4 Rxd2+ 18. Kxd2 Nxc4+ 19. Kc2 e5
20. Bc1 Rd8 21. b3 Nd6 22. Re1 Ne8 23. Be3 Nc7 24. Rad1 Rxd1 25. Rxd1 Bc6
26. Kb2 Ne6 27. g3 Kf8 28. Re1 a5 29. Rd1 Ke8 30. h4 g6 31. Re1 h5 32. Bf2
Kd7 33. Be3 f5 34. exf5 gxf5 35. Rf1 f4 36. gxf4 exf4 37. Bd2 Bxh4 38. Rh1
Bg3 39. Rxh5 Bxf3 40. Rh7+ Kd6 41. b4 Be4 42. Rf7 Ke5 43. bxa5 bxa5 44. c4
Bf5 45. Bxa5 f3 46. Rd7 f2 47. Bc3+ Nd4 0-1

[Event "Irish Championship 2016"]
[Site "Dublin IRL"]
[Date "2016.07.03"]
[Round "2.1"]
[White "Jessel, Stephen"]
[Black "MacElligott, Gerard"]
[Result "1-0"]
[WhiteTitle "FM"]
[BlackTitle "CM"]
[WhiteElo "2344"]
[BlackElo "2060"]
[WhiteICU "2304"]
[BlackICU "1984"]
[WhiteClub "V&eacute;sinet FRA"]
[BlackClub "Elm Mount"]
[WhiteNationality "IRL"]
[BlackNationality "IRL"]
[WhiteFideId "628859"]
[BlackFideId "2500647"]
[PlyCount "53"]
[EventDate "2016.07.02"]
[Source "Live boards"]

{ Event information: <a
href="https://www.irlchess.com/irlch2016_allfiles/pairings_irlch2016.html">Tournament
report</a>. }

1. Nf3 d6 2. d4 f5 3. g3 Nf6 4. Bg2 e6 5. O-O Be7 6. c4 O-O 7. b4 Ne4 8.
Bb2 a5 9. b5 a4 10. Qd3 c6 11. Nbd2 d5 12. Ba3 Nd7 13. Bxe7 Qxe7 14. cxd5
cxd5 15. Rfc1 Qd6 16. e3 Nb6 17. Ne5 Nxd2 18. Qxd2 Bd7 19. Rc5 Rfc8 20.
Rac1 Rxc5 21. Rxc5 Be8 22. a3 Rc8 23. Qc3 Rxc5 24. dxc5 Qc7 25. Bf1 Nc4 26.
Nxc4 Qxc5 27. Qe5 1-0

[Event "Irish Championship 2016"]
[Site "Dublin IRL"]
[Date "2016.07.03"]
[Round "2.2"]
[White "Delaney, Killian"]
[Black "Butler, Kevin C."]
[Result "1-0"]
[WhiteElo "2190"]
[BlackElo "2042"]
[WhiteICU "2141"]
[BlackICU "1981"]
[WhiteClub "Gonzaga"]
[BlackClub "Phibsboro"]
[WhiteNationality "IRL"]
[BlackNationality "IRL"]
[WhiteFideId "2501570"]
[BlackFideId "2501538"]
[PlyCount "99"]
[EventDate "2016.07.02"]
[Source "Live boards"]

{ Event information: <a
href="https://www.irlchess.com/irlch2016_allfiles/pairings_irlch2016.html">Tournament
report</a>. }

1. e4 e5 2. Nf3 Nc6 3. Bc4 Bc5 4. O-O Nf6 5. d3 d6 6. c3 O-O 7. Bb3 a6 8.
h3 Ba7 9. Re1 Be6 10. Nbd2 Bxb3 11. Qxb3 Qd7 12. Nf1 Kh8 13. Be3 Bxe3 14.
Rxe3 Nh5 15. d4 f6 16. Rd1 Rab8 17. Ree1 Qf7 18. Qxf7 Rxf7 19. d5 Ne7 20.
Ne3 g6 21. c4 b6 22. b4 h6 23. c5 bxc5 24. bxc5 f5 25. cxd6 cxd6 26. Nc4
Rd8 27. Nfd2 Nf4 28. Re3 fxe4 29. Nxe4 Nf5 30. Ra3 Rc7 31. Ne3 Ra7 32. Rb3
Rc7 33. Rb6 Ne2+ 34. Kh2 Nxe3 35. fxe3 Nc3 36. Rc1 Nxd5 37. Rxc7 Nxc7 38.
Nxd6 Kg7 39. Rc6 Nb5 40. Nc4 e4 41. a4 Nc3 42. a5 Rd3 43. Rxa6 Nd1 44. Ne5
Rxe3 45. Rxg6+ Kh7 46. Rd6 Nb2 47. Rd7+ Kg8 48. a6 Ra3 49. a7 e3 50. Rd8+
1-0

[Event "Irish Championship 2016"]
[Site "Dublin IRL"]
[Date "2016.07.03"]
[Round "2.3"]
[White "Fox, Anthony"]
[Black "O'Connell, Gerard"]
[Result "1/2-1/2"]
[WhiteElo "1997"]
[BlackElo "2104"]
[WhiteICU "1959"]
[BlackICU "2015"]
[WhiteClub "Dun Laoghaire"]
[BlackClub "St. Benildus"]
[WhiteNationality "IRL"]
[BlackNationality "IRL"]
[WhiteFideId "2500736"]
[BlackFideId "2500493"]
[PlyCount "52"]
[EventDate "2016.07.02"]
[Source "Live boards"]

{ Event information: <a
href="https://www.irlchess.com/irlch2016_allfiles/pairings_irlch2016.html">Tournament
report</a>. }

1. e4 c5 2. Nc3 Nc6 3. g3 g6 4. Bg2 Bg7 5. d3 e6 6. Be3 d6 7. Qd2 Nge7 8.
Bh6 O-O 9. h4 Nd4 10. Bxg7 Kxg7 11. h5 Ng8 12. hxg6 fxg6 13. O-O-O b5 14.
f4 b4 15. Nce2 Qa5 16. Kb1 Rb8 17. Nxd4 cxd4 18. Ne2 Rb6 19. Nxd4 e5 20.
Nb3 Qa4 21. Bh3 Rc6 22. f5 Ra6 23. Nc1 Rc6 24. Nb3 Ra6 25. Nc1 Rc6 26. Nb3
Ra6 1/2-1/2

[Event "Irish Championship 2016"]
[Site "Dublin IRL"]
[Date "2016.07.03"]
[Round "2.4"]
[White "Haque, Mustakim-Ul"]
[Black "Daly, Colm"]
[Result "0-1"]
[BlackTitle "FM"]
[WhiteElo "1839"]
[BlackElo "2334"]
[WhiteICU "1704"]
[BlackICU "2262"]
[WhiteClub "Rathmines"]
[BlackClub "Bray/Greystones"]
[WhiteNationality "IRL"]
[BlackNationality "IRL"]
[WhiteFideId "2509334"]
[BlackFideId "2500434"]
[PlyCount "107"]
[EventDate "2016.07.02"]
[Source "Live boards"]

{ Event information: <a
href="https://www.irlchess.com/irlch2016_allfiles/pairings_irlch2016.html">Tournament
report</a>. }

1. d4 Nf6 2. Nf3 e6 3. c4 Bb4+ 4. Bd2 Qe7 5. a3 Bxd2+ 6. Nbxd2 d6 7. e4 e5
8. d5 O-O 9. Be2 a5 10. O-O a4 11. Qc2 Bg4 12. b4 axb3 13. Qxb3 Na6 14.
Rfb1 Nc5 15. Qe3 Bxf3 16. Bxf3 g6 17. Nb3 Nfd7 18. Be2 Nxb3 19. Rxb3 b6 20.
a4 Nc5 21. Rba3 Ra5 22. Bd3 Rfa8 23. Bc2 Qe8 24. Qh6 Qf8 25. Qxf8+ Kxf8 26.
g4 Kg7 27. Kg2 Rh8 28. Rb1 h5 29. h3 hxg4 30. hxg4 Rh4 31. f3 Kf6 32. Rh1
Rxh1 33. Kxh1 Kg5 34. Kg2 Kf4 35. Kh3 Ra8 36. Kh2 Nd7 37. Bd1 Nf6 38. Bc2
Nh7 39. Kg2 Ng5 40. Bd1 Rb8 41. Rb3 Rh8 42. Be2 Rh3 43. c5 Rg3+ 44. Kf1
Nxf3 45. Kf2 Nd2 46. cxd6 Nxe4+ 47. Ke1 Nxd6 48. Rb4+ e4 49. Kf2 Rh3 50.
Bf1 Ra3 51. Be2 f5 52. gxf5 gxf5 53. Bd1 Ra2+ 54. Ke1 0-1

[Event "Irish Championship 2016"]
[Site "Dublin IRL"]
[Date "2016.07.03"]
[Round "2.5"]
[White "Scott, Luke"]
[Black "Keogh, Eamon"]
[Result "1-0"]
[BlackTitle "NM"]
[WhiteElo "1922"]
[BlackElo "2021"]
[WhiteICU "1862"]
[BlackICU "1930"]
[WhiteClub "Blanchardstown"]
[BlackClub "Kilkenny"]
[WhiteNationality "IRL"]
[BlackNationality "IRL"]
[WhiteFideId "2507986"]
[BlackFideId "2500264"]
[PlyCount "83"]
[EventDate "2016.07.02"]
[Source "Live boards"]

{ Event information: <a
href="https://www.irlchess.com/irlch2016_allfiles/pairings_irlch2016.html">Tournament
report</a>. }

1. d4 Nf6 2. c4 d6 3. Nf3 g6 4. Nc3 Bg7 5. e4 O-O 6. Be2 c5 7. O-O cxd4 8.
Nxd4 Bd7 9. Be3 Nc6 10. f3 Ne5 11. Rc1 Rc8 12. b3 b6 13. h3 Nc6 14. Ncb5
Nxd4 15. Nxd4 Nh5 16. Kh2 f5 17. exf5 gxf5 18. f4 Nf6 19. Nf3 Qe8 20. Bd4
Qg6 21. Qd3 Bh6 22. Nh4 Qe8 23. Nxf5 Bxf5 24. Qxf5 e5 25. fxe5 dxe5 26. Bb2
Bxc1 27. Bxc1 Qg6 28. Qe6+ Kh8 29. Qxe5 Rce8 30. Qb2 Kg8 31. c5 bxc5 32.
Rf3 Kh8 33. Bd3 Qg7 34. Qf2 Qc7+ 35. Kh1 Qe5 36. Re3 Ne4 37. Qh4 Qa1 38.
Bxe4 Qxc1+ 39. Kh2 Rf7 40. Rf3 Rfe7 41. Qf6+ Rg7 42. Rg3 1-0

[Event "Irish Championship 2016"]
[Site "Dublin IRL"]
[Date "2016.07.03"]
[Round "2.6"]
[White "Thee, Bernd"]
[Black "Mirza, Diana"]
[Result "0-1"]
[BlackTitle "WCM"]
[WhiteElo "1961"]
[BlackElo "1889"]
[WhiteICU "1832"]
[BlackICU "1916"]
[WhiteClub "Adare"]
[BlackClub "St. Michael's"]
[WhiteNationality "IRL"]
[BlackNationality "IRL"]
[WhiteFideId "2505630"]
[BlackFideId "2503999"]
[PlyCount "79"]
[EventDate "2016.07.02"]
[Source "Live boards"]

{ Event information: <a
href="https://www.irlchess.com/irlch2016_allfiles/pairings_irlch2016.html">Tournament
report</a>. }

1. e4 c5 2. Nf3 e6 3. b4 cxb4 4. a3 Nf6 5. e5 Nd5 6. axb4 Bxb4 7. c3 Be7 8.
d4 d6 9. Bd3 Bd7 10. O-O Bc6 11. Re1 dxe5 12. Nxe5 Nf6 13. Qb3 Qd5 14. Qxd5
Nxd5 15. Bd2 O-O 16. Na3 Rc8 17. Reb1 b6 18. c4 Nf6 19. Nb5 Bxb5 20. Rxb5
Nc6 21. Nxc6 Rxc6 22. Be2 Ne4 23. Bf3 f5 24. d5 exd5 25. cxd5 Rc5 26. Rxc5
Bxc5 27. Be3 Bxe3 28. fxe3 a5 29. Be2 Nd6 30. Kf2 b5 31. Ke1 a4 32. Kd2 Rc8
33. Kd3 Kf7 34. Kd4 Kf6 35. Rb1 a3 36. e4 fxe4 37. Rf1+ Ke7 38. Ke5 Rc2 39.
Ra1 Rxe2 40. Rxa3 0-1

[Event "Irish Championship 2016"]
[Site "Dublin IRL"]
[Date "2016.07.03"]
[Round "2.7"]
[White "O'Neill, Paul"]
[Black "Beatty, Ross"]
[Result "1-0"]
[WhiteElo "1784"]
[BlackElo "1770"]
[WhiteICU "1785"]
[BlackICU "1847"]
[WhiteClub "Naomh Barrog"]
[BlackClub "St. Benildus"]
[WhiteNationality "IRL"]
[BlackNationality "IRL"]
[WhiteFideId "2507692"]
[BlackFideId "2507552"]
[PlyCount "83"]
[EventDate "2016.07.02"]
[Source "Live boards"]

{ Event information: <a
href="https://www.irlchess.com/irlch2016_allfiles/pairings_irlch2016.html">Tournament
report</a>. }

1. d4 d5 2. Nf3 Nf6 3. c4 c6 4. Nc3 a6 5. e3 b5 6. c5 Bf5 7. Bd3 Bxd3 8.
Qxd3 Nbd7 9. Bd2 a5 10. O-O Qc7 11. Rfe1 e6 12. Rab1 Be7 13. b4 axb4 14.
Rxb4 O-O 15. a4 bxa4 16. Nxa4 e5 17. Nxe5 Nxe5 18. dxe5 Qxe5 19. Bc3 Qc7
20. Reb1 Rfb8 21. Bd4 Nd7 22. Nb6 Nxb6 23. Rxb6 Rxb6 24. cxb6 Qb7 25. Qc3
f6 26. Rc1 Rc8 27. Bc5 Kf7 28. h4 Ke6 29. e4 Bxc5 30. Qxc5 Kd7 31. Rd1 Ke6
32. exd5+ cxd5 33. Re1+ Kf7 34. Re7+ Qxe7 35. Qxc8 Qe1+ 36. Kh2 Qe5+ 37. g3
Qd4 38. Qc7+ Kg6 39. Kg1 Qd1+ 40. Kg2 Qd4 41. b7 Qe4+ 42. Kh2 1-0

[Event "Irish Championship 2016"]
[Site "Dublin IRL"]
[Date "2016.07.03"]
[Round "2.8"]
[White "Tirziman, Rudolf"]
[Black "Melaugh, Shane"]
[Result "0-1"]
[WhiteElo "1900"]
[BlackElo "1677"]
[WhiteICU "1838"]
[BlackICU "1776"]
[WhiteClub "Blanchardstown"]
[BlackClub "Elm Mount"]
[WhiteNationality "IRL"]
[BlackNationality "IRL"]
[WhiteFideId "2508664"]
[BlackFideId "2509580"]
[PlyCount "80"]
[EventDate "2016.07.02"]
[Source "Scoresheets"]

{ Event information: <a
href="https://www.irlchess.com/irlch2016_allfiles/pairings_irlch2016.html">Tournament
report</a>. }

1. e4 c5 2. Nf3 Nc6 3. Bb5 d6 4. O-O Bd7 5. c3 a6 6. Ba4 Nf6 7. Qe2 b5 8.
Bc2 e5 9. h3 Be7 10. Rd1 Qc7 11. d4 cxd4 12. cxd4 Rc8 13. Nbd2 g5 14. Nb3
g4 15. hxg4 Bxg4 16. Bg5 Rg8 17. Bxf6 Bxf6 18. d5 Ne7 19. Bd3 Ng6 20. Bxb5+
axb5 21. Qxb5+ Qd7 22. Qxd7+ Kxd7 23. Nbd2 Nf4 24. Kf1 Nd3 25. Nc4 Rxc4 26.
Rxd3 Rxe4 27. Rb3 Rc4 28. a4 Rgc8 29. a5 e4 30. Ne1 Bd4 31. a6 R8c7 32. Rb8
Ra7 33. b4 Bxa1 34. b5 Bd4 35. f3 exf3 36. gxf3 Bf5 37. Rf8 Bg6 38. f4 Bc5
39. f5 Rf4+ 40. Ke2 Rxf5 0-1

[Event "Irish Championship 2016"]
[Site "Dublin IRL"]
[Date "2016.07.04"]
[Round "3.1"]
[White "Delaney, Killian"]
[Black "Jessel, Stephen"]
[Result "0-1"]
[BlackTitle "FM"]
[WhiteElo "2190"]
[BlackElo "2344"]
[WhiteICU "2141"]
[BlackICU "2304"]
[WhiteClub "Gonzaga"]
[BlackClub "V&eacute;sinet FRA"]
[WhiteNationality "IRL"]
[BlackNationality "IRL"]
[WhiteFideId "2501570"]
[BlackFideId "628859"]
[PlyCount "68"]
[EventDate "2016.07.02"]
[Source "Live boards"]

{ Event information: <a
href="https://www.irlchess.com/irlch2016_allfiles/pairings_irlch2016.html">Tournament
report</a>. }

1. e4 e6 2. d4 d5 3. Nd2 h6 4. Ngf3 Nf6 5. e5 Nfd7 6. c3 c5 7. Bd3 Nc6 8.
a3 cxd4 9. cxd4 Qb6 10. O-O Be7 11. b4 Nxd4 12. Bb2 Nxf3+ 13. Nxf3 a5 14.
Qa4 O-O 15. Rac1 Qd8 16. Bd4 Nb6 17. Qb5 Nc4 18. Bxc4 Bd7 19. Qxb7 Rb8 20.
Qa7 dxc4 21. Be3 Bc6 22. Rfd1 Bd5 23. Nd2 Rb7 24. Qa6 axb4 25. Nxc4 bxa3
26. Nd6 Bxd6 27. exd6 Qa8 28. Qd3 Rb3 29. Qd4 Bxg2 30. d7 Bh3 31. f3 Qxf3
32. Rd2 e5 33. Qc5 Bxd7 34. Rxd7 Qxe3+ 0-1